| 000 | 00802cam a22002174a 4500 | ||
|---|---|---|---|
| 005 | 20250605164216.0 | ||
| 008 | 250528s ||||||||||||||||||||||||d | ||
| 035 | _a20488 | ||
| 020 | _a715727206 | ||
| 040 |
_aGR-AtMCL _bgre _dGR-AtMCL _eAACR2 |
||
| 245 | 1 | _aCore Skills in History One | |
| 260 | _c1988 | ||
| 300 | _a96 | ||
| 520 | _aThis book offers a balanced coverage of historical periods, covering chosen topics to develop key skills. Introduction, Study Skills, Evidence, Investigating History, History in Britain, World History, Conflict in History, History from Below, Study Trough Time, Chronological Scales, Acknowledgements. | ||
| 700 | 1 |
_aBateman R. _96469 |
|
| 700 | 1 |
_aGardner P. W _96470 |
|
| 700 | 1 |
_aHolmes Mcdougall _92272 |
|
| 942 | _cBK | ||
| 999 |
_c5590 _d5590 |
||